000 00700nam a2200205 a 4500
001 BRCA_8184
005 20190320210152.0
008 080514s1960----mx-a###f##---#000-0#spa-#
041 _aspa
044 _amx
050 4 _aN6868
_b.A74
_c1960
245 1 0 _aArte actual alemán
_bpintura absoluta, escritura abstracta, arte figurativo de hoy
_cpresentado por la Galería Buchholz Bogotá.
260 _aMéxico
_bINBA
_c1960
300 _a1 v.
_bil.
_c21 cm.
500 _aX94
710 2 _aGalería Buchholz Bogotá
_920399
711 2 _aExposición en el Museo Nacional de Arte Moderno
_d12 al 31 de julio de 1960
_cPalacio de Bellas Artes, Ciudad de México
_920400
902 _aGFM
942 _2lcc
_cB
999 _c7852
_d7852